| 000 | 00602nam a2200217Ia 4500 | ||
|---|---|---|---|
| 005 | 20241129110947.0 | ||
| 008 | 241129s9999||||xx |||||||||||||| ||und|| | ||
| 020 | _a978-1-78873-899-6 | ||
| 037 | _aTB | ||
| 040 |
_aCRL _beng _cCRL |
||
| 041 |
_aeng _2eng |
||
| 084 |
_aW6 R0 _qCRL |
||
| 100 |
_aTheborn Goran Au. _9722966 |
||
| 245 | 0 |
_aInequality and the labyrinths of democracy _cTheborn Goran Au. |
|
| 260 |
_aLondon, UK _bVerson _c2020 |
||
| 300 | _a199p. | ||
| 365 |
_aUKP _b16.99 |
||
| 650 |
_aPolitical ScienceDemocracy _9726228 |
||
| 942 |
_cTB _hW6 R0 |
||
| 999 |
_c1228291 _d1228291 |
||